| 000 | 01134nmc a2200421 a 4500 | ||
|---|---|---|---|
| 003 | AR-BaBNM | ||
| 005 | 20251128205100.0 | ||
| 008 | 236019s1994 ||||||||||||||000 | spa|| | ||
| 020 | _a950-582-336-3 | ||
| 040 | _cAR-BaBNM | ||
| 100 | 1 | _aLuna, Matilde | |
| 245 | 1 | 0 |
_aMenores en riesgo y acogimiento familiar _bcompartir el compromiso |
| 260 |
_aBuenos Aires _bHumanitas _c1994 |
||
| 300 | 0 |
_a148 p. _bil., diagr., tablas |
|
| 490 | 0 | _aPromoción social | |
| 504 | _aBibliografía: p. 143-148 | ||
| 650 | 4 | _aNINOS | |
| 650 | 4 | _aHUERFANOS | |
| 650 | 4 | _aFAMILIAS DISGREGADAS | |
| 650 | 4 | _aVIDA FAMILIAR | |
| 650 | 4 | _aADOPCION | |
| 650 | 4 | _aNINOS ADOPTADOS | |
| 650 | 4 | _aADOLESCENTES | |
| 650 | 4 | _aNINOS ABANDONADOS | |
| 650 | 4 | _aNINOS MALTRATADOS | |
| 650 | 4 | _aINTERNADOS | |
| 650 | 4 | _aTUTORIA | |
| 651 | 4 | _aReino Unido | |
| 651 | 4 | _aIsrael | |
| 651 | 4 | _aFrancia | |
| 651 | 4 | _aEstados Unidos | |
| 653 | 0 | _aVIOLENCIA FAMILIAR | |
| 700 | 1 |
_aMolina, Alejandro _eprologuista |
|
| 700 | 1 |
_aGiberti, Eva _ecomentarista |
|
| 800 | 1 |
_aSierra de Villaverde, Sela _edirector |
|
| 942 | _cBK | ||
| 998 | _cSILVI | ||
| 999 |
_c9911 _d9911 |
||